|
|
|
|
| LEADER |
00000nam0a2200000 4500 |
| 001 |
114688 |
| 005 |
20231031122329.0 |
| 035 |
|
|
|a (RuTPU)RU\TPU\book\124034
|
| 090 |
|
|
|a 114688
|
| 100 |
|
|
|a 20070425d1991 k y0rusy50 ca
|
| 101 |
0 |
|
|a rus
|
| 102 |
|
|
|a RU
|
| 105 |
|
|
|a a b 000zy
|
| 200 |
1 |
|
|a Оборудование из керамики
|e каталог
|f Центральный институт научно-технической информации и технико-экономических исследований по химическому и нефтяному машиностроению (ЦИНТИХИМНЕФТЕМАШ); сост. В. Ф. Бабич, И. П. Голуб, А. П Швецов
|
| 210 |
|
|
|a Москва
|c ЦИНТИХИМНЕФТЕМАШ
|d 1991
|
| 215 |
|
|
|a 76 с.
|c ил.
|
| 610 |
1 |
|
|a каталоги
|
| 610 |
1 |
|
|a керамика
|
| 610 |
1 |
|
|a изготовление
|
| 610 |
1 |
|
|a емкостная аппаратура
|
| 610 |
1 |
|
|a аппараты с перемешивающими устройствами
|
| 610 |
1 |
|
|a фильтры
|
| 610 |
1 |
|
|a колонны
|
| 610 |
1 |
|
|a колонные аппараты
|
| 610 |
1 |
|
|a мельницы
|
| 610 |
1 |
|
|a шаровые мельницы
|
| 610 |
1 |
|
|a электронасосные агрегаты
|
| 610 |
1 |
|
|a вентили
|
| 610 |
1 |
|
|a трубы
|
| 610 |
1 |
|
|a фитинги
|
| 675 |
|
|
|a 66.02(085)
|v 3
|
| 702 |
|
1 |
|a Бабич
|b В. Ф.
|4 220
|
| 702 |
|
1 |
|a Голуб
|b И. П.
|4 220
|
| 702 |
|
1 |
|a Швецов
|b А. П
|4 220
|
| 712 |
0 |
2 |
|a Центральный институт научно-технической информации и технико-экономических исследований по химическому и нефтяному машиностроению (ЦИНТИХИМНЕФТЕМАШ)
|2 stltpush
|3 (RuTPU)RU\TPU\col\10810
|
| 801 |
|
1 |
|a RU
|b 63413507
|c 20070425
|g PSBO
|
| 942 |
|
|
|c BK
|